000 00950cab a2200265 4500
001 ABS61070
008 090401t1999 xxu||||| |||| 00| 0 eng d
035 _a(Sirsi) u182
041 _aeng
100 _aWignall, G.
245 _aTree root subsidence - a working guide (2).
260 _c1999
350 _a0
490 _aSolicitors' Journal
_v143(32) 13 August 1999, 790-791(2)
520 _aThe second of a two-part article considering the issues of tree root subsidence. This article focusses on which defences have any real merit and when local authorities are liable for trees growing in the highway. See also Part 1, Abs61082.
650 _aDEFENCES
650 _aHIGHWAYS
650 _aLIABILITY
650 _aPROPERTY-INFRASTRUCTURE-TRANSPORT INFRASTRUCTURE-ROAD INFRASTRUCTURE
650 _aTREE ROOT SUBSIDENCE
650 _aTREE ROOTS
690 _aBUILT ENVIRONMENT-BUILDING PATHOLOGY
942 _n0
948 _c03/09/1999
999 _c78
_d78